Programa por computadora para análisis de prefactibilidad de minicentrales hidroeléctricas, dirigidas a la generación paralela
Guardado en:
| Hovedforfatter: | |
|---|---|
| Format: | Bog |
| Udgivet: |
San José, Costa Rica
1991
|
| Fag: | |
| Tags: |
Tilføj Tag
Ingen Tags, Vær først til at tagge denne postø!
|
MARC
| LEADER | 00000nam a2200000Ia 4500 | ||
|---|---|---|---|
| 003 | 005253 | ||
| 005 | 20221231144326.0 | ||
| 008 | 140114s1991 cr a m 000 ||s d | ||
| 040 | |c cru CEDI | ||
| 090 | |a TFG 2505 | ||
| 100 | |a Rodríguez Arias, Danilo |9 12620 | ||
| 245 | |a Programa por computadora para análisis de prefactibilidad de minicentrales hidroeléctricas, dirigidas a la generación paralela | ||
| 260 | |c 1991 |a San José, Costa Rica | ||
| 300 | |a iii, 316 hojas : ilustraciones ; 28 cm. | ||
| 500 | |a Proyecto de graduación (licenciatura en ingeniería mecánica)--Universidad de Costa Rica. Facultad de Ingeniería. Escuela de Ingeniería Mecánica | ||
| 650 | |x MINICENTRALES HIDROELECTRICAS - PROGRAMAS PARA COMPUTADORA |9 12621 | ||
| 942 | |c TFG | ||
| 999 | |c 20187 |d 20187 | ||
